Týždeň vedy a techniky na PF KU v Ružomberku zborník prednášok z týždňa vedy a techniky : Ružomberok 2.-6. novembra 2009

Salvato in:
Dettagli Bibliografici
Ente Autore: Katolícka univerzita v Ružomberku. Pedagogická fakulta
Natura: Libro
Lingua:slovacco
Pubblicazione: Ružomberok VERBUM 2010
Soggetti:
Tags: Aggiungi Tag
Nessun Tag, puoi essere il primo ad aggiungerne!!

MARC

LEADER 00000nlm$a2200000$$$4500
001 0115863
005 20240109071652.8
020 |a 978-80-8084-555-1 
041 0 |a slo 
044 |a SK 
245 1 0 |a Týždeň vedy a techniky na PF KU v Ružomberku  |b zborník prednášok z týždňa vedy a techniky : Ružomberok 2.-6. novembra 2009 
264 1 |a Ružomberok  |b VERBUM  |c 2010 
300 |a CD-ROM 
610 2 0 |a veda 
610 2 0 |a technika 
610 2 0 |a Slovensko 
610 2 0 |a rozvoj sociálno-ekonomický 
610 2 0 |a rozvoj sociálny 
610 2 0 |a komunikácia 
610 2 0 |a rozvoj technický 
610 2 0 |a práca sociálna 
710 2 |a Katolícka univerzita v Ružomberku. Pedagogická fakulta